000 00348nam a2200097Ia 4500
082 _a968.91051|SACH
245 0 _aWhen a state turns on its citizens : institutionalized violence and political culture
100 _a Sachikonye, L. M. Auckland Park, South Africa, 2011
_954895
942 _cBK
008 210817s9999 xx 000 0 und d
999 _c173169
_d173168